சுகாதாரமும் உடற்கல்வியும் தரம் 11/

Saved in:
Bibliographic Details
Main Author: அன்ரனிஅருள்தாஸ்,யோ
Format: Book
Language:English
Tamil
Published: கொழும்பு: கீதா பப்ளிகேஷன், 2016.
Subjects:
Tags: Add Tag
No Tags, Be the first to tag this record!

MARC

LEADER 00000nam a22000007a 4500
005 20260407151531.0
008 260407b |||||||| |||| 00| 0 eng d
041 |a tam 
082 |a 613  |b அன்ர 
100 |a அன்ரனிஅருள்தாஸ்,யோ  |9 77536 
245 |a சுகாதாரமும் உடற்கல்வியும் தரம் 11/  |c யோ.அன்ரனி அருள்தாஸ் 
260 |a கொழும்பு:  |b கீதா பப்ளிகேஷன்,  |c 2016. 
300 |a i;127பக்  |b ill  |c 28.5cm 
500 |a Purchase 
650 |a சுகாதாரமும் உடற்கல்வியும்  
942 |c REF 
999 |c 71053  |d 71053